| 000 | 01078naa a22003017a 4500 | ||
|---|---|---|---|
| 001 | BR8305297 | ||
| 003 | BR-BrBNA | ||
| 005 | 20250721143230.0 | ||
| 007 | ta | ||
| 008 | 250630b bl.|||m| |||| 00| 0 por d | ||
| 040 |
_aBR-BrBNA _bpor _cBiblioteca Nacional de Agricultura |
||
| 041 | _a(Pt) | ||
| 072 |
_aF00 _b0430 |
||
| 090 | _aF00 BR8305297 | ||
| 100 | 1 | _aBarreiro Neto, M. | |
| 100 | 1 | _aFreire, E.C. | |
| 100 | 1 | _aCavalcanti, F.B. | |
| 100 | 1 | _aAndrade, F.P. de | |
| 245 | 1 | _aInteracao cultivares x espacamentos em algodoeiro moco (Gossypium hirsutum L. r. Marie Galante Hutch)precoce | |
| 500 | _aMelhoramento genetico do algodoeiro, v. 2 Campina Grande, PB (Brasil): 1983. p. 41-46 (BR8305297-AMS) | ||
| 773 | 0 |
_tMelhoramento genetico do algodoeiro, v. 2 _wF00 BR8305297 _gCampina Grande, PB (Brasil), 1983. p. 41-46 |
|
| 650 | _aALGODAO MOCO | ||
| 650 | _aVARIEDADE | ||
| 650 | _aESPACAMENTO | ||
| 490 |
_aBoletim de Pesquisa - Centro Nacional de Pesquisa do Algodao (Brazil) _vno. 14 |
||
| 942 |
_cAMS _2AGRIS |
||
| 909 |
_a202506 _bLúcia _c55 _dLúcia Elande |
||
| 999 |
_c334562 _d334562 |
||